00000000nam 2200000zi 4500
0019.933099
003CaOODSP
00520250124123818
006m     o  d f      
007cr mn|||||||||
008240130e197610##onc     ob   f000 0 eng d
040 |aCaOODSP|beng|erda|cCaOODSP
043 |an-cn---
045 |ax7x7
0861 |aId35-7/1976E-PDF
24500|aVariety cheese in Canada : |bproduction and imports / |cprepared by Agriculture, Fisheries & Food Products Branch, Department of Industry, Trade & Commerce.
250 |a[1976 edition].
264 1|aOttawa, Canada : |bIndustry, Trade and Commerce = Industrie et commerce, |cOctober 1976.
300 |a1 online resource (60 pages)
336 |atext|btxt|2rdacontent
337 |acomputer|bc|2rdamedia
338 |aonline resource|bcr|2rdacarrier
500 |aIssued also in French under title: Le fromage de spécialité au Canada : production et importations.
500 |aDigitized edition from print [produced by Innovation, Science and Economic Development Canada].
504 |aIncludes bibliographical references.
650 0|aCheese industry|zCanada.
650 0|aCheese|xVarieties|zCanada.
7101 |aCanada. |bDepartment of Industry, Trade and Commerce. |bAgriculture, Fisheries and Food Products Branch, |eissuing body.
77508|tLe fromage de spécialité au Canada : |w(CaOODSP)9.946147
794 |tVariety cheese in Canada : |b(1980)|w(CaOODSP)9.933101
795 |tVariety cheese in Canada : |w(CaOODSP)9.947352
85640|qPDF|s932 KB|uhttps://publications.gc.ca/collections/collection_2024/isde-ised/Id35-7-1976-eng.pdf